Popular Sodas - Statistics

General Stats
  • This quiz has been taken 128 times
  • The average score is 8 of 13
Answer Stats
Hint Answer % Correct
The classic Cola Coca-Cola
99%
Rival to Coke Pepsi
97%
Lemon-lime soda Sprite
91%
A popular orange soda Fanta
90%
He’s a Doctor Dr. Pepper
85%
Do the dew Mountain Dew
78%
Alternative orange soda Crush
54%
Root beer that is also a restaurant AW Root Beer
52%
Bulldog on the logo of this soda Mug Root Beer
45%
A popular sparkling water, not a soda, starts with La La Croix
41%
Christmas version of the Lemon-lime soda, also a meme Sprite Cranberry
40%
Very royal cola RC Cola
38%
Famous “Olde Tyme Root Beer” Barq’s
37%
No matching quizzes found
Score Distribution
Percent of People with Each Score
Percentile by Number Answered
Your Score History
You have not taken this quiz